01973nam a2200325 a 4500001001200000003000800012006001900020007001500039008004100054010001700095020002900112020002700141040002100168035002100189050002800210082002100238100003000259245011800289260003600407300002500443504005100468520069500519533015201214650005601366650003401422655002901456710001701485856012601502999001901628ebr10542530CaPaEBRm u cr cn|||||||||110913s2012 njua sb 001 0 eng d z 2011038412 z9780470936863 (hardback) z9781118229125 (e-book) aCaPaEBRcCaPaEBR a(OCoLC)78784982014aTK5102.9b.R4325 2012eb04a621.382/20782231 aReay, Donaldq(Donald S.)10aDigital signal processing and applications with the OMAP-L138 eXperimenterh[electronic resource] /cDonald Reay. aHoboken, N.J. :bWiley,cc2012. axvii, 340 p. :bill. aIncludes bibliographical references and index. a"This is the most comprehensive text available on hands-on teaching of Digital Signal Processing, and the first book to feature the new floating point DSP development system to be promoted by the Texas Instruments University Program: the OMAP L138 eXperimenter and CCS v4 (which replaces the C6713DSK). Using a practical approach, the book provides a large number of real-time example programs that use actual input and output signals and give visible and audible results. It is an excellent teaching aid for professors wishing to teach DSP via laboratory experiments and for students or engineers wishing to study DSP using the inexpensive OMAP L138 eXperimenter"--cProvided by publisher. aElectronic reproduction.bPalo Alto, Calif. :cebrary,d2011.nAvailable via World Wide Web.nAccess may be limited to ebrary affiliated libraries. 0aSignal processingxDigital techniquesxExperiments. 0aMicroprocessorsxExperiments. 7aElectronic books.2local2 aebrary, Inc.40uhttp://site.ebrary.com/lib/rucke/Doc?id=10542530zAn electronic book accessible through the World Wide Web; click to view c135815d135815